000 00503nam a2200217Ia 4500
003 OSt
005 20221005120232.0
006 a|||||r|||| 00| 0
007 ta
008 ORI
024 _a27536
037 _cTextual
040 _aCRL
_cCRL
_bORI
041 _2ORI
_aORI
082 _aO159,3NMI,DH, K8
100 _aMishra Mukunda
_9628823
245 0 _aDhumapana kahinki
260 _c1968
942 _hO159,3NMI,DH, K8
_cTEXL
_2cc
999 _c1037313
_d1037313